| 000 | 00557nam a22001937a 4500 | ||
|---|---|---|---|
| 999 |
_c5949 _d5949 |
||
| 003 | AR-CdUCM | ||
| 008 | 190313b ||||| |||| 00| 0 spa d | ||
| 040 |
_aMUNICIPALIDAD PROVINCIAL DEL CUSCO _cBIBLIOTECA MUNICIPAL DEL CUSCO |
||
| 082 |
_a828.92 / _bH98 |
||
| 100 |
_aHuxley, Aldous _91405 |
||
| 245 | _aBarro en el rostro / | ||
| 260 |
_aBarcelona : _bMateu, |
||
| 300 |
_a121 paginas ; _c17 cm. |
||
| 500 | _aDonación de la familia Nieto | ||
| 505 | _aNovela | ||
| 700 |
_aVallvé, Manuel (Traductor) _917467 |
||
| 942 |
_2ddc _cLIBROS |
||
| 945 | _awnts | ||